Music Quiz

Random Music or Billboard Quiz

Janet Jackson's US #1 hits Quiz Stats

 Plays Quiz Updated Oct 23, 2020

     
Support Sporcle.
Go Orange.
Score 0/10 Timer 04:00
1 Play Today
Year Song % Correct
2001All for You
57.4%
1990Black Cat
54.5%
1993That's the Way Love Goes
53%
1990Escapade
52.7%
1993Again
45.1%
1989Miss You Much
43.4%
1991Love Will Never Do (Without You)
38.7%
1998Together Again
38.1%
1986When I Think of You
35.1%
2000Doesn't Really Matter
29.8%

From the Vault

20 Questions Wrong: Literature

by Tr4pD00r

One of the few Sporcle quizzes where we encourage you to get the answers wrong.
Remove Ads.
Support Sporcle.
Get the best of Sporcle when you Go Orange. This ad-free experience offers more features, more stats, and more fun while also helping to support Sporcle. Thank you for becoming a member.

Show Comments

Extras

Top Quizzes Today


Score Distribution

Your Account Isn't Verified!

In order to create a playlist on Sporcle, you need to verify the email address you used during registration. Go to your Sporcle Settings to finish the process.

Report this User

Report this user for behavior that violates our Community Guidelines.

Details: